zpět

Detail výsledku týmu

Pivovar Kolkovna - Praha 7, Praha

Datum a čas kvízu

33.5 Celkem bodů Celkový počet nahraných bodů na tomto kvízu bez doplňovacích otázek.
3. Pořadí na kvízu Konečné umístění týmu na tomto kvízu.

Zaznamenané odpovědi

# Otázka Odpověď Body Výsledky
1. Minulý týden bylo oznámeno, že... kněz 1
2. Policie v Nashvillu v americké... C) hrál v pornografickém filmu 1
3. V úterý měla na letní scéně pr... Miloš Forman 0
4. Do mobilní aplikace Portál obč... DROZD 1
5. Napište jména dvou českých rep... Roman Červenka, Lukáš Dostál 0.5
11. Jak se nazývá specializované o... A 1
12. Jak se jmenuje ovoce na obrázk... papája 1
13. Nyní nás bude zajímat ovoce zv... C 0
14. Vypište z následující řady dva... jackfruit, rambutan 1
15. Níže jsou názvy tří odrůd jabl... C 0